[Event "V4 Liptov 2017"]
[Site "?"]
[Date "2017.06.25"]
[Round "7.1"]
[White "Szczurek, Krzysztof"]
[Black "Klementowski, Dawid"]
[Result "1-0"]
[BlackElo "1984"]
[WhiteElo "2068"]
[LiveChessVersion "1.4.8"]

1. Nf3 {[%clk 1:00:59]} c5 {[%clk 1:00:45]} 2. c4 {[%clk 1:01:24]} g6
{[%clk 1:01:10]} 3. g3 {[%clk 1:01:49]} Bg7 {[%clk 1:01:37]} 4. Bg2
{[%clk 1:02:14]} Nc6 {[%clk 1:02:00]} 5. Nc3 {[%clk 1:02:06]} e6 {[%clk 1:02:19]}
6. O-O {[%clk 0:58:25]} Nge7 {[%clk 1:01:59]} 7. e3 {[%clk 0:44:17]} e5
{[%clk 0:56:27]} 8. d4 {[%clk 0:42:04]} exd4 {[%clk 0:50:14]} 9. exd4
{[%clk 0:42:28]} cxd4 {[%clk 0:49:34]} 10. Nb5 {[%clk 0:42:47]} O-O
{[%clk 0:49:46]} 11. Nbxd4 {[%clk 0:42:41]} Nxd4 {[%clk 0:39:15]} 12. Nxd4
{[%clk 0:42:56]} d5 {[%clk 0:39:29]} 13. cxd5 {[%clk 0:40:25]} Nxd5
{[%clk 0:34:06]} 14. Nb3 {[%clk 0:40:35]} Nb6 {[%clk 0:31:51]} 15. Qxd8
{[%clk 0:35:24]} Rxd8 {[%clk 0:32:13]} 16. Bg5 {[%clk 0:35:50]} Re8
{[%clk 0:31:48]} 17. Rfe1 {[%clk 0:34:39]} Rxe1+ {[%clk 0:22:20]} 18. Rxe1
{[%clk 0:35:05]} Be6 {[%clk 0:22:36]} 19. Bxb7 {[%clk 0:29:53]} Rb8
{[%clk 0:21:57]} 20. Bf3 {[%clk 0:29:40]} Rc8 {[%clk 0:19:44]} 21. Re2
{[%clk 0:26:27]} Nc4 {[%clk 0:19:16]} 22. Kg2 {[%clk 0:21:10]} Nxb2
{[%clk 0:16:11]} 23. Be3 {[%clk 0:17:34]} Bc4 {[%clk 0:12:12]} 24. Rd2
{[%clk 0:16:00]} Nd3 {[%clk 0:10:01]} 25. Be2 {[%clk 0:13:23]} Bc3
{[%clk 0:08:12]} 26. Rxd3 {[%clk 0:13:02]} Bxd3 {[%clk 0:08:37]} 27. Bxd3
{[%clk 0:13:29]} a5 {[%clk 0:08:59]} 28. a4 {[%clk 0:13:28]} Rb8 {[%clk 0:09:17]}
29. Bb5 {[%clk 0:13:44]} Kg7 {[%clk 0:09:04]} 30. Bd4+ {[%clk 0:13:41]} Bxd4
{[%clk 0:09:21]} 31. Nxd4 {[%clk 0:14:09]} Kf6 {[%clk 0:09:43]} 32. Kf3
{[%clk 0:14:33]} Rc8 {[%clk 0:07:25]} 33. Nc6 {[%clk 0:13:52]} Ra8
{[%clk 0:06:55]} 34. Ke4 {[%clk 0:13:40]} Ke6 {[%clk 0:07:12]} 35. Kd4
{[%clk 0:13:48]} Kd6 {[%clk 0:07:34]} 36. Ne5 {[%clk 0:14:09]} f5
{[%clk 0:07:11]} 37. Nc4+ {[%clk 0:14:28]} Ke6 {[%clk 0:07:28]} 38. Kc5
{[%clk 0:14:02]} Rd8 {[%clk 0:06:52]} 39. Kb6 {[%clk 0:11:46]} Rd3
{[%clk 0:04:39]} 40. Nxa5 {[%clk 0:11:18]} Rd2 {[%clk 0:04:44]} 41. Nc6
{[%clk 0:11:30]} Rxf2 {[%clk 0:04:50]} 42. a5 {[%clk 0:11:50]} Rxh2
{[%clk 0:05:04]} 43. a6 {[%clk 0:12:15]} Kd6 {[%clk 0:05:07]} 44. a7
{[%clk 0:12:35]} Ra2 {[%clk 0:05:30]} 45. Na5 {[%clk 0:12:57]} 1-0

[Event "V4 Liptov 2017"]
[Site "?"]
[Date "2017.06.25"]
[Round "7.2"]
[White "Cieslak, Wiktoria"]
[Black "Golda, Sebastian"]
[Result "0-1"]
[BlackElo "1997"]
[WhiteElo "1991"]
[LiveChessVersion "1.4.8"]

1. e4 {[%clk 1:00:58]} c5 {[%clk 1:00:35]} 2. Nf3 {[%clk 1:01:23]} d6
{[%clk 1:01:01]} 3. d4 {[%clk 1:01:49]} cxd4 {[%clk 1:01:27]} 4. Nxd4
{[%clk 1:02:15]} Nf6 {[%clk 1:01:53]} 5. Nc3 {[%clk 1:02:39]} a6 {[%clk 1:02:20]}
6. Bg5 {[%clk 1:03:02]} e6 {[%clk 1:02:44]} 7. f4 {[%clk 1:03:29]} Qb6
{[%clk 1:03:10]} 8. a3 {[%clk 1:03:48]} Nc6 {[%clk 0:59:30]} 9. Nb3
{[%clk 1:00:04]} Bd7 {[%clk 0:35:56]} 10. Qd2 {[%clk 0:59:51]} Ng4
{[%clk 0:35:54]} 11. h3 {[%clk 0:52:16]} Qe3+ {[%clk 0:17:50]} 12. Qe2
{[%clk 0:52:25]} Qg3+ {[%clk 0:16:58]} 13. Kd2 {[%clk 0:51:33]} Nf2
{[%clk 0:17:13]} 14. Rg1 {[%clk 0:49:44]} Nxh3 {[%clk 0:15:38]} 15. Rh1
{[%clk 0:47:55]} Nxg5 {[%clk 0:12:29]} 16. fxg5 {[%clk 0:48:14]} Qxg5+
{[%clk 0:12:54]} 17. Qe3 {[%clk 0:48:29]} Be7 {[%clk 0:12:21]} 18. Re1
{[%clk 0:48:17]} Ne5 {[%clk 0:10:27]} 19. Kd1 {[%clk 0:45:51]} Qxe3
{[%clk 0:09:14]} 20. Rxe3 {[%clk 0:46:15]} Ng4 {[%clk 0:06:09]} 21. Rf3
{[%clk 0:46:38]} h6 {[%clk 0:06:12]} 22. Bd3 {[%clk 0:46:00]} Bf6
{[%clk 0:04:13]} 23. Kd2 {[%clk 0:45:41]} Rc8 {[%clk 0:04:09]} 24. Nd1
{[%clk 0:45:58]} Bc6 {[%clk 0:04:05]} 25. c3 {[%clk 0:45:09]} d5 {[%clk 0:03:48]}
26. Re1 {[%clk 0:43:34]} Ne5 {[%clk 0:04:07]} 27. Rh3 {[%clk 0:42:38]} Nxd3
{[%clk 0:01:38]} 28. Kxd3 {[%clk 0:43:02]} dxe4+ {[%clk 0:02:04]} 29. Kc2
{[%clk 0:43:23]} O-O {[%clk 0:01:40]} 30. Nf2 {[%clk 0:43:34]} e3
{[%clk 0:01:26]} 31. Ng4 {[%clk 0:43:07]} Be4+ {[%clk 0:01:14]} 32. Kd1
{[%clk 0:42:53]} Rfd8+ {[%clk 0:01:19]} 33. Ke2 {[%clk 0:43:07]} Bd3+
{[%clk 0:01:25]} 34. Kxe3 {[%clk 0:43:18]} Bg5+ {[%clk 0:01:44]} 35. Kf2
{[%clk 0:43:13]} Bf5 {[%clk 0:02:02]} 36. Kg3 {[%clk 0:42:24]} Rd3+
{[%clk 0:01:09]} 37. Kh2 {[%clk 0:42:31]} Bf4+ {[%clk 0:01:21]} 38. Kg1
{[%clk 0:42:29]} Bg3 {[%clk 0:01:07]} 39. Ne5 {[%clk 0:41:21]} Bxe1
{[%clk 0:00:46]} 40. Nxd3 {[%clk 0:41:37]} Bxh3 {[%clk 0:00:58]} 41. Nxe1
{[%clk 0:41:59]} Bg4 {[%clk 0:01:13]} 42. Nd3 {[%clk 0:41:52]} b6
{[%clk 0:00:48]} 43. Ne5 {[%clk 0:41:57]} Be2 {[%clk 0:00:37]} 44. Nd7
{[%clk 0:40:55]} Rd8 {[%clk 0:00:41]} 45. Ne5 {[%clk 0:40:56]} f6
{[%clk 0:00:39]} 46. Nc6 {[%clk 0:41:08]} Rd1+ {[%clk 0:00:58]} 47. Kf2
{[%clk 0:41:28]} Bb5 {[%clk 0:01:19]} 48. Ne7+ {[%clk 0:41:16]} Kf7
{[%clk 0:01:39]} 49. Nc8 {[%clk 0:41:41]} Rb1 {[%clk 0:01:47]} 50. Nd4
{[%clk 0:41:58]} Rxb2+ {[%clk 0:02:10]} 51. Kg3 {[%clk 0:42:22]} Bf1
{[%clk 0:01:50]} 0-1

[Event "V4 Liptov 2017"]
[Site "?"]
[Date "2017.06.25"]
[Round "7.3"]
[White "Dylag, Emilia"]
[Black "Galuszka, Tomasz"]
[Result "1/2-1/2"]
[BlackElo "1808"]
[WhiteElo "1833"]
[LiveChessVersion "1.4.8"]

1. d4 {[%clk 1:00:57]} d5 {[%clk 1:00:53]} 2. Nf3 {[%clk 1:01:12]} Nf6
{[%clk 1:01:16]} 3. e3 {[%clk 1:01:26]} c6 {[%clk 1:01:01]} 4. Bd3
{[%clk 1:00:21]} Bg4 {[%clk 1:00:47]} 5. h3 {[%clk 0:59:09]} Bh5 {[%clk 1:00:45]}
6. Nbd2 {[%clk 0:52:10]} Nbd7 {[%clk 0:59:13]} 7. O-O {[%clk 0:47:10]} e6
{[%clk 0:58:18]} 8. c4 {[%clk 0:42:39]} Bd6 {[%clk 0:56:25]} 9. Qc2
{[%clk 0:39:27]} Bg6 {[%clk 0:54:38]} 10. Re1 {[%clk 0:35:25]} Bxd3
{[%clk 0:52:37]} 11. Qxd3 {[%clk 0:35:39]} O-O {[%clk 0:49:52]} 12. e4
{[%clk 0:33:43]} dxe4 {[%clk 0:46:25]} 13. Nxe4 {[%clk 0:34:05]} Nxe4
{[%clk 0:43:56]} 14. Qxe4 {[%clk 0:34:18]} Re8 {[%clk 0:42:05]} 15. Be3
{[%clk 0:28:01]} Qc7 {[%clk 0:31:37]} 16. Rad1 {[%clk 0:24:29]} Rac8
{[%clk 0:24:04]} 17. b3 {[%clk 0:21:43]} h6 {[%clk 0:17:01]} 18. Qd3
{[%clk 0:20:57]} Rcd8 {[%clk 0:12:00]} 19. Qc2 {[%clk 0:16:51]} a6
{[%clk 0:10:38]} 20. Nd2 {[%clk 0:15:13]} Bb4 {[%clk 0:08:53]} 21. Re2
{[%clk 0:13:59]} Nf6 {[%clk 0:07:27]} 22. Nf3 {[%clk 0:11:27]} Bd6
{[%clk 0:06:13]} 23. Bc1 {[%clk 0:06:41]} c5 {[%clk 0:04:35]} 24. dxc5
{[%clk 0:06:33]} Bxc5 {[%clk 0:05:00]} 25. Red2 {[%clk 0:05:50]} Rxd2
{[%clk 0:04:30]} 26. Bxd2 {[%clk 0:03:51]} Rd8 {[%clk 0:04:14]} 27. Be3
{[%clk 0:01:01]} Rxd1+ {[%clk 0:03:11]} 28. Qxd1 {[%clk 0:01:26]} Bxe3
{[%clk 0:03:21]} 29. fxe3 {[%clk 0:01:50]} Ne4 {[%clk 0:02:36]} 30. Qd3
{[%clk 0:01:23]} f5 {[%clk 0:02:13]} 31. Nd4 {[%clk 0:00:47]} Qd6
{[%clk 0:02:04]} 32. Qe2 {[%clk 0:00:54]} g6 {[%clk 0:01:56]} 33. Qf3
{[%clk 0:00:45]} e5 {[%clk 0:01:19]} 34. Nc2 {[%clk 0:00:41]} Qd2
{[%clk 0:01:38]} 35. Na1 {[%clk 0:00:33]} Qc1+ {[%clk 0:01:44]} 36. Qf1
{[%clk 0:00:48]} Qxe3+ {[%clk 0:02:06]} 37. Kh2 {[%clk 0:01:05]} Qf4+
{[%clk 0:01:07]} 38. Qxf4 {[%clk 0:01:25]} exf4 {[%clk 0:01:32]} 39. Nc2
{[%clk 0:01:18]} Nc3 {[%clk 0:01:52]} 40. a3 {[%clk 0:01:34]} Ne2
{[%clk 0:02:11]} 41. Ne1 {[%clk 0:01:01]} Kf7 {[%clk 0:02:08]} 42. Nd3
{[%clk 0:01:20]} Nd4 {[%clk 0:01:24]} 43. b4 {[%clk 0:00:46]} Nc2
{[%clk 0:00:58]} 44. a4 {[%clk 0:00:43]} g5 {[%clk 0:01:14]} 45. b5
{[%clk 0:00:53]} axb5 {[%clk 0:00:46]} 46. cxb5 {[%clk 0:01:09]} Nd4
{[%clk 0:00:36]} 47. Nc5 {[%clk 0:01:24]} b6 {[%clk 0:00:38]} 48. Nd7
{[%clk 0:01:39]} g4 {[%clk 0:00:43]} 49. hxg4 {[%clk 0:01:48]} fxg4
{[%clk 0:00:56]} 50. Nxb6 {[%clk 0:01:41]} Ke6 {[%clk 0:01:17]} 51. Nc4
{[%clk 0:01:42]} h5 {[%clk 0:01:38]} 52. b6 {[%clk 0:01:22]} Kd7 {[%clk 0:01:45]}
53. a5 {[%clk 0:01:17]} Kc6 {[%clk 0:00:55]} 54. a6 {[%clk 0:00:56]} h4
{[%clk 0:00:58]} 55. Ne5+ {[%clk 0:00:39]} Kxb6 {[%clk 0:01:21]} 56. Nxg4
{[%clk 0:01:04]} 1/2-1/2

[Event "V4 Liptov 2017"]
[Site "?"]
[Date "2017.06.25"]
[Round "7.4"]
[White "Adamczyk, Zuzanna"]
[Black "Surpeta, Julia"]
[Result "1-0"]
[BlackElo "1302"]
[WhiteElo "1753"]
[LiveChessVersion "1.4.8"]

1. e4 {[%clk 1:00:55]} c5 {[%clk 1:00:53]} 2. Nf3 {[%clk 1:01:18]} d6
{[%clk 1:01:16]} 3. d4 {[%clk 1:01:40]} cxd4 {[%clk 1:01:41]} 4. Nxd4
{[%clk 1:01:56]} Nf6 {[%clk 1:02:06]} 5. Nc3 {[%clk 1:02:11]} g6 {[%clk 1:02:16]}
6. Be3 {[%clk 1:01:49]} Bg7 {[%clk 1:02:26]} 7. f3 {[%clk 1:01:32]} h5
{[%clk 1:02:27]} 8. Qd2 {[%clk 1:00:01]} a6 {[%clk 1:02:29]} 9. Bc4
{[%clk 0:56:34]} b5 {[%clk 1:02:19]} 10. Bb3 {[%clk 0:55:23]} Bb7
{[%clk 1:02:39]} 11. a4 {[%clk 0:47:52]} Qa5 {[%clk 0:52:43]} 12. O-O
{[%clk 0:46:57]} b4 {[%clk 0:53:07]} 13. Na2 {[%clk 0:45:45]} Nbd7
{[%clk 0:28:10]} 14. Nxb4 {[%clk 0:42:05]} Nc5 {[%clk 0:27:52]} 15. Bc4
{[%clk 0:38:31]} Qc7 {[%clk 0:24:10]} 16. b3 {[%clk 0:37:52]} O-O
{[%clk 0:22:46]} 17. Rad1 {[%clk 0:35:40]} Rfd8 {[%clk 0:19:39]} 18. Bh6
{[%clk 0:28:00]} Bh8 {[%clk 0:18:32]} 19. Qg5 {[%clk 0:17:40]} e6
{[%clk 0:10:46]} 20. Qe3 {[%clk 0:11:12]} d5 {[%clk 0:08:51]} 21. exd5
{[%clk 0:11:26]} exd5 {[%clk 0:06:55]} 22. Be2 {[%clk 0:10:52]} Re8
{[%clk 0:04:39]} 23. Qd2 {[%clk 0:10:12]} Qb6 {[%clk 0:03:30]} 24. Kh1
{[%clk 0:09:32]} Ne6 {[%clk 0:00:56]} 25. Nxe6 {[%clk 0:09:07]} Rxe6
{[%clk 0:01:08]} 26. Nd3 {[%clk 0:09:02]} Rae8 {[%clk 0:01:04]} 27. Rde1
{[%clk 0:09:11]} d4 {[%clk 0:00:54]} 28. Bd1 {[%clk 0:07:29]} Nd5
{[%clk 0:00:41]} 29. Rxe6 {[%clk 0:06:06]} Rxe6 {[%clk 0:01:02]} 30. Re1
{[%clk 0:05:50]} Rxe1+ {[%clk 0:00:42]} 31. Qxe1 {[%clk 0:06:09]} Ne3
{[%clk 0:00:57]} 32. Bf4 {[%clk 0:05:57]} 1-0

[Event "V4 Liptov 2017"]
[Site "?"]
[Date "2017.06.25"]
[Round "7.5"]
[White "Chwistek, Karel"]
[Black "Brnusak, Andrej"]
[Result "1-0"]
[BlackElo "1881"]
[WhiteElo "1985"]
[LiveChessVersion "1.4.8"]

1. e4 {[%clk 0:57:11]} c5 {[%clk 1:00:51]} 2. Nc3 {[%clk 0:57:26]} e6
{[%clk 1:00:25]} 3. d3 {[%clk 0:56:01]} a6 {[%clk 0:59:40]} 4. a4
{[%clk 0:55:12]} b6 {[%clk 0:58:58]} 5. g3 {[%clk 0:55:23]} Bb7 {[%clk 0:58:33]}
6. Bg2 {[%clk 0:55:16]} d5 {[%clk 0:56:13]} 7. f4 {[%clk 0:54:14]} Ne7
{[%clk 0:51:28]} 8. Nf3 {[%clk 0:53:10]} Nbc6 {[%clk 0:46:57]} 9. O-O
{[%clk 0:52:34]} Qd7 {[%clk 0:41:07]} 10. Nh4 {[%clk 0:37:51]} d4
{[%clk 0:36:15]} 11. Ne2 {[%clk 0:37:58]} Ng6 {[%clk 0:33:41]} 12. f5
{[%clk 0:32:41]} Nxh4 {[%clk 0:29:30]} 13. fxe6 {[%clk 0:33:02]} Qxe6
{[%clk 0:28:25]} 14. Nf4 {[%clk 0:29:20]} Qe7 {[%clk 0:21:53]} 15. Nd5
{[%clk 0:27:11]} Qd8 {[%clk 0:21:19]} 16. gxh4 {[%clk 0:27:01]} Ne5
{[%clk 0:18:02]} 17. Bf4 {[%clk 0:19:15]} Bd6 {[%clk 0:14:59]} 18. Bg5
{[%clk 0:16:52]} Qb8 {[%clk 0:08:10]} 19. Nxb6 {[%clk 0:15:33]} Ra7
{[%clk 0:05:47]} 20. a5 {[%clk 0:14:39]} Ng6 {[%clk 0:04:16]} 21. h5
{[%clk 0:09:14]} Bxh2+ {[%clk 0:02:47]} 22. Kh1 {[%clk 0:09:11]} Ne5
{[%clk 0:01:30]} 23. h6 {[%clk 0:07:15]} gxh6 {[%clk 0:00:54]} 24. Bf6
{[%clk 0:07:28]} Rg8 {[%clk 0:00:55]} 25. Qh5 {[%clk 0:06:51]} Bg3
{[%clk 0:00:43]} 26. Bxe5 {[%clk 0:07:08]} Bxe4 {[%clk 0:00:37]} 27. Bxe4
{[%clk 0:06:08]} Bxe5 {[%clk 0:00:47]} 28. Bc6+ {[%clk 0:06:25]} Kd8
{[%clk 0:00:46]} 29. Rxf7 {[%clk 0:05:23]} Bd6 {[%clk 0:00:34]} 30. Re1
{[%clk 0:04:39]} Be7 {[%clk 0:00:40]} 31. Qd5+ {[%clk 0:04:44]} Bd6
{[%clk 0:00:34]} 32. Rxa7 {[%clk 0:04:58]} 1-0

[Event "V4 Liptov 2017"]
[Site "?"]
[Date "2017.06.25"]
[Round "7.6"]
[White "Holly, Andrej"]
[Black "Nehyba, Martin"]
[Result "0-1"]
[BlackElo "1944"]
[WhiteElo "1817"]
[LiveChessVersion "1.4.8"]

1. e4 {[%clk 1:00:57]} c5 {[%clk 1:00:56]} 2. Nf3 {[%clk 1:01:11]} Nc6
{[%clk 1:01:19]} 3. d4 {[%clk 1:01:22]} cxd4 {[%clk 1:01:40]} 4. Nxd4
{[%clk 1:01:43]} e5 {[%clk 1:02:05]} 5. Nb5 {[%clk 1:01:34]} d6 {[%clk 1:02:29]}
6. N1c3 {[%clk 1:01:19]} a6 {[%clk 1:02:53]} 7. Na3 {[%clk 1:01:45]} Be7
{[%clk 1:02:37]} 8. Nc4 {[%clk 1:01:30]} Nf6 {[%clk 1:02:48]} 9. Ne3
{[%clk 0:56:31]} Be6 {[%clk 1:02:35]} 10. g3 {[%clk 0:55:35]} O-O
{[%clk 1:02:51]} 11. Bg2 {[%clk 0:54:59]} Rc8 {[%clk 1:01:58]} 12. O-O
{[%clk 0:53:35]} Nd4 {[%clk 0:58:42]} 13. Ne2 {[%clk 0:49:05]} Nxe2+
{[%clk 0:58:11]} 14. Qxe2 {[%clk 0:49:07]} Qc7 {[%clk 0:57:15]} 15. c3
{[%clk 0:46:55]} Qc6 {[%clk 0:52:33]} 16. Nf5 {[%clk 0:40:18]} Qd7
{[%clk 0:51:36]} 17. Bh3 {[%clk 0:31:52]} Kh8 {[%clk 0:50:28]} 18. Re1
{[%clk 0:27:01]} Bd8 {[%clk 0:44:35]} 19. Bg2 {[%clk 0:23:18]} d5
{[%clk 0:39:48]} 20. Nh4 {[%clk 0:17:10]} dxe4 {[%clk 0:38:30]} 21. Bxe4
{[%clk 0:16:44]} Nxe4 {[%clk 0:38:38]} 22. Qxe4 {[%clk 0:17:08]} Bd5
{[%clk 0:35:45]} 23. Rd1 {[%clk 0:16:05]} Bxe4 {[%clk 0:34:49]} 24. Rxd7
{[%clk 0:16:33]} Bxh4 25. gxh4 {[%clk 0:16:55]} Rcd8 {[%clk 0:34:49]} 26. Rxd8
{[%clk 0:16:50]} Rxd8 {[%clk 0:35:17]} 27. Bg5 {[%clk 0:16:28]} f6
{[%clk 0:35:31]} 28. Be3 {[%clk 0:16:56]} Bf3 {[%clk 0:34:57]} 29. Re1
{[%clk 0:16:13]} h6 {[%clk 0:32:18]} 30. Bc5 {[%clk 0:15:37]} Rd2
{[%clk 0:32:08]} 31. Ba3 {[%clk 0:15:01]} e4 {[%clk 0:31:20]} 32. h3
{[%clk 0:14:21]} f5 {[%clk 0:31:37]} 33. Rb1 {[%clk 0:14:17]} Kh7
{[%clk 0:31:26]} 34. Bc5 {[%clk 0:14:26]} f4 {[%clk 0:31:47]} 35. a4
{[%clk 0:13:41]} Kg6 {[%clk 0:32:03]} 36. b4 {[%clk 0:13:09]} Kh5
{[%clk 0:30:26]} 37. b5 {[%clk 0:13:35]} axb5 {[%clk 0:30:13]} 38. axb5
{[%clk 0:13:52]} Kxh4 {[%clk 0:30:29]} 39. Be7+ {[%clk 0:14:15]} Kxh3
{[%clk 0:30:41]} 40. c4 {[%clk 0:14:14]} e3 {[%clk 0:30:07]} 41. fxe3
{[%clk 0:14:39]} fxe3 {[%clk 0:30:28]} 42. Re1 {[%clk 0:14:41]} Rg2+
{[%clk 0:30:45]} 0-1

[Event "V4 Liptov 2017"]
[Site "?"]
[Date "2017.06.25"]
[Round "7.7"]
[White "Kopcova, Ludmila"]
[Black "Brnusak, Tomas"]
[Result "0-1"]
[BlackElo "1796"]
[WhiteElo "1980"]
[LiveChessVersion "1.4.8"]

1. d4 {[%clk 0:47:40]} Nf6 {[%clk 1:00:29]} 2. c4 {[%clk 0:48:06]} g6
{[%clk 1:00:30]} 3. f3 {[%clk 0:48:08]} Bg7 {[%clk 0:59:07]} 4. e4
{[%clk 0:48:27]} d6 {[%clk 0:58:43]} 5. Nc3 {[%clk 0:48:52]} O-O {[%clk 0:58:16]}
6. Be3 {[%clk 0:49:10]} e5 {[%clk 0:57:56]} 7. Nge2 {[%clk 0:49:32]} Nbd7
{[%clk 0:57:20]} 8. g4 {[%clk 0:47:37]} h5 {[%clk 0:52:48]} 9. gxh5
{[%clk 0:47:24]} Nxh5 {[%clk 0:53:07]} 10. d5 {[%clk 0:44:43]} f5
{[%clk 0:49:57]} 11. Qd2 {[%clk 0:38:39]} f4 {[%clk 0:41:58]} 12. Bf2
{[%clk 0:39:01]} Nb6 {[%clk 0:41:54]} 13. Ng1 {[%clk 0:36:50]} Bf6
{[%clk 0:36:29]} 14. O-O-O {[%clk 0:36:33]} Bd7 {[%clk 0:35:53]} 15. Kb1
{[%clk 0:35:01]} Kf7 {[%clk 0:35:05]} 16. Qd3 {[%clk 0:29:27]} Bh4
{[%clk 0:34:12]} 17. Qd2 {[%clk 0:27:01]} Rh8 {[%clk 0:33:05]} 18. b3
{[%clk 0:26:01]} Bxf2 {[%clk 0:33:04]} 19. Qxf2 {[%clk 0:26:29]} Ng3
{[%clk 0:33:10]} 20. hxg3 {[%clk 0:24:39]} Rxh1 {[%clk 0:33:29]} 21. gxf4
{[%clk 0:24:38]} exf4 {[%clk 0:33:18]} 22. Nge2 {[%clk 0:23:06]} Qf6
{[%clk 0:32:03]} 0-1

[Event "V4 Liptov 2017"]
[Site "?"]
[Date "2017.06.25"]
[Round "7.8"]
[White "Korenova, Simona"]
[Black "Londin, Simon"]
[Result "1/2-1/2"]
[BlackElo "1772"]
[WhiteElo "1701"]
[LiveChessVersion "1.4.8"]

1. c4 {[%clk 1:00:58]} Nf6 {[%clk 1:00:54]} 2. Nf3 {[%clk 1:01:21]} g6
{[%clk 1:01:18]} 3. g3 {[%clk 1:01:40]} Bg7 {[%clk 1:01:43]} 4. Bg2
{[%clk 1:01:49]} O-O {[%clk 1:02:06]} 5. O-O {[%clk 1:01:58]} d6 {[%clk 1:02:32]}
6. Nc3 {[%clk 1:02:02]} Nc6 {[%clk 1:02:44]} 7. d4 {[%clk 1:01:32]} Bf5
{[%clk 1:02:57]} 8. Re1 {[%clk 0:57:00]} Ne4 {[%clk 0:56:52]} 9. Bd2
{[%clk 0:51:11]} e5 {[%clk 0:43:51]} 10. e3 {[%clk 0:44:32]} Nxd2
{[%clk 0:34:50]} 11. Qxd2 {[%clk 0:44:17]} exd4 {[%clk 0:31:04]} 12. exd4
{[%clk 0:41:41]} Bg4 {[%clk 0:24:10]} 13. d5 {[%clk 0:36:35]} Bxf3
{[%clk 0:24:08]} 14. Bxf3 {[%clk 0:35:55]} Ne5 {[%clk 0:24:33]} 15. Be2
{[%clk 0:33:17]} Qd7 {[%clk 0:17:30]} 16. Qd1 {[%clk 0:25:50]} f5
{[%clk 0:16:59]} 17. f4 {[%clk 0:23:37]} Nf7 {[%clk 0:15:49]} 18. Rc1
{[%clk 0:21:37]} Rae8 {[%clk 0:15:46]} 19. b3 {[%clk 0:19:37]} Re3
{[%clk 0:15:47]} 20. Qd2 {[%clk 0:18:58]} Rfe8 {[%clk 0:14:23]} 21. Nd1
{[%clk 0:13:49]} R3e4 {[%clk 0:13:42]} 22. Nf2 {[%clk 0:12:51]} Bd4
{[%clk 0:09:55]} 23. Qc2 {[%clk 0:11:53]} g5 {[%clk 0:07:11]} 24. fxg5
{[%clk 0:10:47]} Nxg5 {[%clk 0:07:12]} 25. Kg2 {[%clk 0:10:31]} Bxf2
{[%clk 0:06:32]} 26. Kxf2 {[%clk 0:10:59]} Nh3+ {[%clk 0:06:41]} 27. Kg2
{[%clk 0:10:33]} Qe7 {[%clk 0:04:11]} 28. Kxh3 {[%clk 0:10:26]} Rxe2
{[%clk 0:04:35]} 29. Rxe2 {[%clk 0:10:44]} Qxe2 {[%clk 0:05:01]} 1/2-1/2

[Event "V4 Liptov 2017"]
[Site "?"]
[Date "2017.06.25"]
[Round "7.9"]
[White "Kulesza, Andrzej"]
[Black "Janecek, Miroslav"]
[Result "1-0"]
[BlackElo "1592"]
[WhiteElo "1670"]
[LiveChessVersion "1.4.8"]

1. e4 {[%clk 1:00:56]} c5 {[%clk 1:00:54]} 2. Nf3 {[%clk 1:01:09]} g6
{[%clk 1:01:18]} 3. d4 {[%clk 1:01:06]} cxd4 {[%clk 1:01:45]} 4. Nxd4
{[%clk 1:01:31]} Bg7 {[%clk 1:02:01]} 5. Be3 {[%clk 0:57:20]} Nc6
{[%clk 1:02:20]} 6. Nc3 {[%clk 0:57:06]} Nf6 {[%clk 1:02:44]} 7. Nxc6
{[%clk 0:56:22]} bxc6 {[%clk 0:58:42]} 8. e5 {[%clk 0:56:44]} Ng8
{[%clk 0:58:41]} 9. f4 {[%clk 0:56:56]} d6 {[%clk 0:58:17]} 10. exd6
{[%clk 0:56:07]} Qxd6 {[%clk 0:57:16]} 11. Qxd6 {[%clk 0:53:48]} exd6
{[%clk 0:57:44]} 12. Ne4 {[%clk 0:54:03]} Bxb2 {[%clk 0:55:50]} 13. Rb1
{[%clk 0:53:51]} Ba3 {[%clk 0:50:45]} 14. Bd4 {[%clk 0:53:55]} f6
{[%clk 0:50:33]} 15. Rb3 {[%clk 0:53:39]} Bc5 {[%clk 0:49:17]} 16. Nxc5
{[%clk 0:53:52]} dxc5 {[%clk 0:49:45]} 17. Re3+ {[%clk 0:53:52]} Kf8
{[%clk 0:47:58]} 18. Bxc5+ {[%clk 0:54:14]} Kg7 {[%clk 0:48:14]} 19. Bc4
{[%clk 0:54:18]} Bf5 {[%clk 0:47:07]} 20. Bb3 {[%clk 0:53:48]} a5
{[%clk 0:47:00]} 21. a4 {[%clk 0:54:12]} h5 {[%clk 0:45:22]} 22. O-O
{[%clk 0:53:54]} Rh7 {[%clk 0:43:28]} 23. Rfe1 {[%clk 0:53:22]} Bd7
{[%clk 0:42:20]} 24. Kf2 {[%clk 0:48:40]} Kh6 {[%clk 0:40:29]} 25. Bd4
{[%clk 0:47:43]} f5 {[%clk 0:37:35]} 26. h4 {[%clk 0:45:52]} c5 {[%clk 0:36:39]}
27. Bxc5 {[%clk 0:45:29]} Bc6 {[%clk 0:36:59]} 28. Re5 {[%clk 0:44:03]} Be4
{[%clk 0:36:51]} 29. Bb6 {[%clk 0:42:18]} Nf6 {[%clk 0:35:45]} 30. Rxa5
{[%clk 0:41:43]} Ng4+ {[%clk 0:35:11]} 31. Kg1 {[%clk 0:40:22]} Rd7
{[%clk 0:34:43]} 32. Rxa8 {[%clk 0:39:26]} Bxa8 {[%clk 0:35:11]} 33. Ba5
{[%clk 0:39:17]} Be4 {[%clk 0:35:05]} 34. Bb4 {[%clk 0:38:53]} Rc7
{[%clk 0:33:25]} 35. c3 {[%clk 0:37:53]} Rb7 {[%clk 0:33:26]} 36. a5
{[%clk 0:37:10]} Kg7 {[%clk 0:32:51]} 37. a6 {[%clk 0:36:35]} Rd7
{[%clk 0:33:03]} 38. Rd1 {[%clk 0:36:42]} Rxd1+ {[%clk 0:32:46]} 39. Bxd1
{[%clk 0:37:10]} Ne3 {[%clk 0:32:49]} 40. Bf3 {[%clk 0:37:34]} Bxf3
{[%clk 0:32:56]} 41. gxf3 {[%clk 0:38:02]} Nc4 {[%clk 0:33:04]} 42. Bc5
{[%clk 0:38:19]} 1-0

[Event "V4 Liptov 2017"]
[Site "?"]
[Date "2017.06.25"]
[Round "7.10"]
[White "Vavrinkova, Anna"]
[Black "Sobelga, Lukasz"]
[Result "0-1"]
[BlackElo "1459"]
[WhiteElo "1485"]
[LiveChessVersion "1.4.8"]

1. e4 {[%clk 1:00:59]} e5 {[%clk 1:00:54]} 2. Nf3 {[%clk 0:59:19]} Nc6
{[%clk 1:01:12]} 3. Bb5 {[%clk 0:58:34]} a6 {[%clk 1:00:50]} 4. Ba4
{[%clk 0:57:19]} Bc5 {[%clk 0:59:49]} 5. d3 {[%clk 0:54:18]} d6 {[%clk 0:59:38]}
6. c3 {[%clk 0:54:25]} Bg4 {[%clk 0:59:29]} 7. O-O {[%clk 0:52:54]} Qf6
{[%clk 0:58:44]} 8. Nbd2 {[%clk 0:49:09]} Nge7 {[%clk 0:58:27]} 9. Bb3
{[%clk 0:47:38]} h5 {[%clk 0:56:55]} 10. h3 {[%clk 0:46:27]} Ng6 {[%clk 0:55:11]}
11. Re1 {[%clk 0:42:59]} Nf4 {[%clk 0:54:10]} 12. Bc2 {[%clk 0:42:01]} O-O-O
{[%clk 0:53:14]} 13. h4 {[%clk 0:41:27]} Qg6 {[%clk 0:52:31]} 14. Rf1
{[%clk 0:36:42]} Nxg2 {[%clk 0:51:42]} 15. Kh2 {[%clk 0:31:55]} Nxh4
{[%clk 0:51:19]} 16. Nxh4 {[%clk 0:30:49]} Qf6 {[%clk 0:50:10]} 17. Nhf3
{[%clk 0:30:33]} h4 {[%clk 0:50:00]} 18. Rg1 {[%clk 0:26:13]} Qf4+
{[%clk 0:49:13]} 19. Kg2 {[%clk 0:24:03]} h3+ {[%clk 0:49:17]} 20. Kh1
{[%clk 0:24:18]} Bxf2 {[%clk 0:49:05]} 21. Rf1 {[%clk 0:23:20]} Qg3
{[%clk 0:48:02]} 0-1